000 00847 a2200217 4500
008 080820t xxu||||| |||| 00| 0 eng d
010 _aENG-84786
020 _a8175243244
_c400.00
035 _aEN-68319
037 _bD.B.Act / Pub
082 _a613.7
100 _aSharma, J. P.
245 _aExcercise physiology
_cby J. P. Sharma
260 _aNew Delhi
_bKhel Sahitya Kendra
_c2006
270 _a7/26, Ansari Road, Darya Ganj,
_bNew Delhi
_cDelhi
_e110002
_k55190343, 42564726
_l42564726
_mkhelsahitya1@rediffmail.com
300 _a343 p.
_c22 cm (Hb)
650 _aPhysiology
_xSports
700 _aAmbast, Ravi
942 _adpl
_cEN
_k613.7 / EXE
_2ddc
_h613.7
_m EXE
999 _c367
_d367